Japanese Baseball Teams by Insignia - Statistics

General Stats
  • This quiz has been taken 154 times
  • The average score is 8 of 12
Answer Stats
Picture Answer % Correct
読売ジャイアンツ
Yomiuri Giants
97%
広島東洋カープ
Hiroshima Toyo Carp
78%
阪神タイガース
Hanshin Tigers
67%
横浜DeNAベイスターズ
Yokohama DeNA BayStars
64%
東京ヤクルトスワローズ
Tokyo Yakult Swallows
63%
千葉ロッテマリーンズ
Chiba Lotte Marines
62%
東北楽天ゴールデンイーグルス
Tohoku Rakuten Golden Eagles
59%
中日ドラゴンズ
Chunichi Dragons
57%
オリックス・バファローズ
Orix Buffaloes
56%
北海道日本ハムファイターズ
Hokkaido Nippon-Ham Fighters
55%
埼玉西武ライオンズ
Saitama Seibu Lions
55%
福岡ソフトバンクホークス
Fukuoka SoftBank Hawks
49%
No matching quizzes found
Score Distribution
Percent of People with Each Score
Percentile by Number Answered
Your Score History
You have not taken this quiz